000 01090nam a2200229Ia 4500
001 L906-50680
003 IT-CnALBA
008 170116s9999||||xx |||||||||||||| ||und||
040 _aIT-CnALBA
_cIT-CnALBA
041 _aITALIANO
100 _aTREVOR-ROPER HUGH
245 0 _aL'ASCESA DELL'EUROPA CRISTIANA.
250 _a1a ed.
260 _aMILANO
_bRUSCONI, EDITORE
_c1994 [1° Ed.:1994 - Ed.Ling.Originale: 1965]
300 _a185 p.
500 _aTRADUZIONE DALL'INGLESE. LE FASI DEL PROGRESSO. FINE DEL MONDO ANTICO. GLI ANNI BUI. LE CROCIATE. IL RINASCIMENTO MEDIOEVALE. L'EUROPA VERSO L'OCCIDENTE., CRONOLOGIA. INDICE ONOMASTICO. CARTE GEOGRAFICHE.
501 _aSocietà San Paolo EM - Piazza San Paolo, 14 - 12051 ALBA (CN) (non commercial uses only) ® Copyright 2017
520 _aTRADUZIONE DALL'INGLESE. LE FASI DEL PROGRESSO. FINE DEL MONDO ANTICO. GLI ANNI BUI. LE CROCIATE. IL RINASCIMENTO MEDIOEVALE. L'EUROPA VERSO L'OCCIDENTE., CRONOLOGIA. INDICE ONOMASTICO. CARTE GEOGRAFICHE.
650 _aORGANIZZAZIONI STORICHE
942 _cBK
957 _71
999 _a57204
_bNO
_g Copie: 1
_c309590
_d309590